| 000 | 01168cam a2200301 a 4500 | ||
|---|---|---|---|
| 001 | 1814 | ||
| 003 | FISKH | ||
| 005 | 20231005120706.0 | ||
| 008 | 090220s2010 nyua j b 001 0 eng | ||
| 010 | _a 2009007323 | ||
| 020 | _a9780531213490 | ||
| 040 |
_aDLC _cDLC _dDLC _beng |
||
| 050 | 0 | 0 |
_aJF801 _b.F35 2010 |
| 082 | 0 | 0 |
_a323.6 _222 |
| 100 | 1 |
_aFalk, Laine, _d1974- |
|
| 245 | 1 | 0 |
_aWe are citizens / _cby Laine Falk. |
| 260 |
_aNew York : _bScholastic, _c2010. |
||
| 300 |
_a24 pages : _bcolor illustrations ; _c21 cm. |
||
| 490 | 0 | _aScholastic news nonfiction readers | |
| 505 | _aI | ||
| 520 | _aWhat does it take to be a good citizen? Find out in this appealing new series about the importance of working together, taking turns, respecting differences, and getting along in the classroom, the community, and the world! | ||
| 521 | 8 |
_a450
_bLexile |
|
| 521 | 8 |
_aI
_bRaz-Plus |
|
| 650 | 0 |
_aCitizenship _vJuvenile literature. |
|
| 906 |
_a7 _bcbc _corignew _d1 _eecip _f20 _gy-gencatlg |
||
| 942 |
_2ddc _cBK _n0 |
||
| 999 |
_c1814 _d1814 |
||